<?xml version="1.0" encoding="UTF-8"?>
<record
    xmlns:xsi="http://www.w3.org/2001/XMLSchema-instance"
    xsi:schemaLocation="http://www.loc.gov/MARC21/slim http://www.loc.gov/standards/marcxml/schema/MARC21slim.xsd"
    xmlns="http://www.loc.gov/MARC21/slim">

  <leader>01434nam a2200229 a 4500</leader>
  <controlfield tag="001">000009063</controlfield>
  <controlfield tag="005">20250204092150.0</controlfield>
  <controlfield tag="008">090925s1977    dr      r     000 p spa d</controlfield>
  <datafield tag="040" ind1=" " ind2=" ">
    <subfield code="a">DO-SdBNP</subfield>
    <subfield code="b">spa</subfield>
    <subfield code="c">BNPHU</subfield>
  </datafield>
  <datafield tag="082" ind1=" " ind2=" ">
    <subfield code="a">RD861.08</subfield>
    <subfield code="b">C569m</subfield>
  </datafield>
  <datafield tag="245" ind1="0" ind2="3">
    <subfield code="a">Un ciento de los mejores sonetos dominicanos /</subfield>
    <subfield code="c">Julio Jaime Julia ; pr&#xF3;logo Virgilio Hoepelman.</subfield>
  </datafield>
  <datafield tag="260" ind1=" " ind2=" ">
    <subfield code="a">Santo Domingo :</subfield>
    <subfield code="b">Taller,</subfield>
    <subfield code="c">1977.</subfield>
  </datafield>
  <datafield tag="300" ind1=" " ind2=" ">
    <subfield code="a">2v. ;</subfield>
    <subfield code="c">23 cm.</subfield>
  </datafield>
  <datafield tag="505" ind1="2" ind2=" ">
    <subfield code="g">v.1</subfield>
    <subfield code="t">Menci&#xF3;n de honor --</subfield>
    <subfield code="t">Advertencia --</subfield>
    <subfield code="t">Pr&#xF3;logo en dos etapas I --</subfield>
    <subfield code="r">Porfirio Herrera --</subfield>
    <subfield code="r">Jos&#xE9; Audilio Santana --</subfield>
    <subfield code="r">Federico Berm&#xFA;dez --</subfield>
    <subfield code="r">Osvaldo Bazil --</subfield>
    <subfield code="r">Emilio A. Morel --</subfield>
    <subfield code="r">Virgilio Mart&#xED;nez Reina --</subfield>
    <subfield code="r">Baldemaro Rijo --</subfield>
    <subfield code="r">Ram&#xF3;n Emilio Jim&#xE9;nez --</subfield>
    <subfield code="r">V&#xED;ctor Garrido --</subfield>
    <subfield code="r">Primitivo Herrera --</subfield>
    <subfield code="r">Julio A. Pi&#xF1;eyro --</subfield>
    <subfield code="r">Rafael Emilio Santana --</subfield>
    <subfield code="g">v. 2</subfield>
    <subfield code="t">Pr&#xF3;logo en dos etapas II --</subfield>
    <subfield code="r">Juan Goico Alix --</subfield>
    <subfield code="r">Furcy J. Pichardo --</subfield>
    <subfield code="r">Tirso A. Vald&#xE9;z --</subfield>
    <subfield code="r">F&#xE9;liz Servio Ducoudray --</subfield>
    <subfield code="r">Ricardo P&#xE9;rez Alfonseca --</subfield>
    <subfield code="r">Juan Bautista Lamarche --</subfield>
    <subfield code="r">Emilio Garc&#xED;a Godoy --</subfield>
    <subfield code="r">Vigilio D&#xED;az Ord&#xF3;&#xF1;ez --</subfield>
    <subfield code="r">Julio B. de Windt Lavandier --</subfield>
    <subfield code="r">Manuel E. Suncar Chevalier --</subfield>
    <subfield code="r">Julio A. Cuello --</subfield>
    <subfield code="r">Antonio Vald&#xE9;z H.</subfield>
  </datafield>
  <datafield tag="590" ind1=" " ind2=" ">
    <subfield code="a">Inventariado, 2018/BT</subfield>
  </datafield>
  <datafield tag="650" ind1=" " ind2="4">
    <subfield code="a">Sonetos dominicanos</subfield>
    <subfield code="9">10208</subfield>
  </datafield>
  <datafield tag="650" ind1=" " ind2="0">
    <subfield code="a">Poes&#xED;a dominicana</subfield>
    <subfield code="9">66</subfield>
  </datafield>
  <datafield tag="650" ind1=" " ind2="0">
    <subfield code="a">Literatura dominicana.</subfield>
    <subfield code="9">67</subfield>
  </datafield>
  <datafield tag="700" ind1="1" ind2=" ">
    <subfield code="a">Julia, Julio Jaime</subfield>
    <subfield code="d">1922-1993</subfield>
    <subfield code="9">20185</subfield>
  </datafield>
  <datafield tag="700" ind1="1" ind2="2">
    <subfield code="a">Hoepelman, Virgilio,</subfield>
    <subfield code="e">pr&#xF3;l.</subfield>
    <subfield code="9">11257</subfield>
  </datafield>
  <datafield tag="910" ind1=" " ind2=" ">
    <subfield code="a">Validado. Control de calidad. MFF</subfield>
  </datafield>
  <datafield tag="952" ind1=" " ind2=" ">
    <subfield code="0">0</subfield>
    <subfield code="1">0</subfield>
    <subfield code="7">1</subfield>
    <subfield code="8">PD</subfield>
    <subfield code="a">PD</subfield>
    <subfield code="b">PD</subfield>
    <subfield code="c">HD</subfield>
    <subfield code="d">2009-09-25</subfield>
    <subfield code="i">LF1</subfield>
    <subfield code="l">0</subfield>
    <subfield code="o">v. 1</subfield>
    <subfield code="p">9063-10</subfield>
    <subfield code="r">2020-06-25</subfield>
    <subfield code="w">2020-06-25</subfield>
    <subfield code="y">LFPD</subfield>
    <subfield code="Z">No se presta</subfield>
  </datafield>
  <datafield tag="952" ind1=" " ind2=" ">
    <subfield code="0">0</subfield>
    <subfield code="1">0</subfield>
    <subfield code="7">1</subfield>
    <subfield code="8">PD</subfield>
    <subfield code="a">PD</subfield>
    <subfield code="b">PD</subfield>
    <subfield code="c">HD</subfield>
    <subfield code="d">2010-04-19</subfield>
    <subfield code="i">LF1</subfield>
    <subfield code="l">0</subfield>
    <subfield code="o">v. 1, e. 2</subfield>
    <subfield code="p">9063-20</subfield>
    <subfield code="r">2020-06-25</subfield>
    <subfield code="w">2020-06-25</subfield>
    <subfield code="y">LFPD</subfield>
    <subfield code="Z">No se presta</subfield>
  </datafield>
  <datafield tag="952" ind1=" " ind2=" ">
    <subfield code="0">0</subfield>
    <subfield code="1">0</subfield>
    <subfield code="7">1</subfield>
    <subfield code="8">PD</subfield>
    <subfield code="a">PD</subfield>
    <subfield code="b">PD</subfield>
    <subfield code="c">HD</subfield>
    <subfield code="d">2018-05-14</subfield>
    <subfield code="i">LF1</subfield>
    <subfield code="l">0</subfield>
    <subfield code="o">v. 2</subfield>
    <subfield code="p">9063-40</subfield>
    <subfield code="r">2020-06-25</subfield>
    <subfield code="w">2020-06-25</subfield>
    <subfield code="y">LFPD</subfield>
    <subfield code="z">Perteneci&#xF3; a la biblioteca personal de B&#xE1;rbara Suncar.</subfield>
    <subfield code="Z">No se presta</subfield>
  </datafield>
  <datafield tag="952" ind1=" " ind2=" ">
    <subfield code="0">0</subfield>
    <subfield code="1">0</subfield>
    <subfield code="7">1</subfield>
    <subfield code="8">PD</subfield>
    <subfield code="a">PD</subfield>
    <subfield code="b">PD</subfield>
    <subfield code="c">HD</subfield>
    <subfield code="d">2019-03-20</subfield>
    <subfield code="i">LF1</subfield>
    <subfield code="l">0</subfield>
    <subfield code="o">v. 2, e. 2</subfield>
    <subfield code="p">9063-50</subfield>
    <subfield code="r">2020-06-25</subfield>
    <subfield code="w">2020-06-25</subfield>
    <subfield code="y">LFPD</subfield>
    <subfield code="Z">No se presta</subfield>
  </datafield>
  <datafield tag="999" ind1=" " ind2=" ">
    <subfield code="c">8827</subfield>
    <subfield code="d">8827</subfield>
  </datafield>
</record>
